[Event "CRO-chT3 West"]
[Site "Croatia"]
[Date "2010.03.27"]
[Round "1.45"]
[White "Mrdjenovic, Georgije"]
[Black "Stefan, Mario"]
[Result "0-1"]
[WhiteElo "1942"]
[BlackElo "1973"]
[PlyCount "102"]
[EventDate "2010.03.27"]
[EventType "team-tourn"]
[EventRounds "9"]
[EventCountry "CRO"]
[SourceTitle "EXT 2012"]
[Source "ChessBase"]
[SourceDate "2011.11.24"]
[SourceVersion "1"]
[SourceVersionDate "2011.11.24"]
[SourceQuality "1"]

1. c4 Nf6 2. Nc3 d5 3. cxd5 Nxd5 4. g3 g6 5. Bg2 Nxc3 6. bxc3 Bg7 7. Nf3 0-0 8. 0-0 c5 9. d4 cxd4 10. cxd4 Nc6 11. e3 Be6 12. Qd2 Bd5 13. Rb1 Be4 14. Rb3 Rc8 15. Rc3 Re8 16. Ba3 b5 17. Rc5 Bd5 18. Rfc1 Bc4 19. Qe1 e6 20. Nd2 Na5 21. Rxc8 Qxc8 22. Bb4 Qa6 23. Ne4 Nb7 24. a3 e5 25. dxe5 Bxe5 26. Nc3 Qb6 27. Nd5 Qe6 28. Nc7 Bxc7 29. Bxb7 Qb6 30. Bg2 a5 31. Bc3 a4 32. Bd4 Qe6 33. Qc3 Be5 34. Bxe5 Qxe5 35. Qxe5 Rxe5 36. h4 Re7 37. Bc6 Re6 38. Bf3 Rd6 39. Bg2 Rd2 40. Bf1 Ra2 41. Bxc4 bxc4 42. Rc3 Kg7 43. g4 Kf6 44. Kg2 Ke5 45. Kg3 Kd5 46. f4 Rd2 47. Kf3 Rd3 48. Rxd3+ cxd3 49. e4+ Kd4 50. e5 Kc3 51. f5 d2 0-1

[Event "EU-ch 11th"]
[Site "Rijeka"]
[Date "2010.03.14"]
[Round "8"]
[White "Dujic, Davor"]
[Black "Stefan, Mario"]
[Result "0-1"]
[WhiteElo "1598"]
[BlackElo "1968"]
[PlyCount "50"]
[EventDate "2010.03.06"]
[EventType "swiss"]
[EventRounds "11"]
[EventCountry "CRO"]
[SourceTitle "CBM 136"]
[Source "ChessBase"]
[SourceDate "2010.05.18"]
[SourceVersion "1"]
[SourceVersionDate "2010.05.18"]
[SourceQuality "1"]

1. b3 e5 2. Bb2 Nc6 3. c4 Nf6 4. e3 d5 5. cxd5 Nxd5 6. Bb5 Ndb4 7. a3 Nd3+ 8. Bxd3 Qxd3 9. Nc3 Be6 10. Nge2 Rd8 11. Nc1 Qg6 12. Rg1 Be7 13. N1e2 Bf5 14. Rc1 a6 15. Ng3 Bd3 16. Qf3 Qe6 17. b4 Qb3 18. Nd1 0-0 19. Nf5 Bxf5 20. Qxf5 Rd3 21. Bc3 Rfd8 22. Ra1 Qc2 23. Qf3 Nd4 24. Qh5 Nb3 25. Qxe5 Bf6 0-1

[Event "EU-ch 11th"]
[Site "Rijeka"]
[Date "2010.03.12"]
[Round "7"]
[White "Stefan, Mario"]
[Black "Sgnaolin, Davide"]
[Result "0-1"]
[WhiteElo "1968"]
[BlackElo "2234"]
[PlyCount "88"]
[EventDate "2010.03.06"]
[EventType "swiss"]
[EventRounds "11"]
[EventCountry "CRO"]
[SourceTitle "CBM 136"]
[Source "ChessBase"]
[SourceDate "2010.05.18"]
[SourceVersion "1"]
[SourceVersionDate "2010.05.18"]
[SourceQuality "1"]

1. e4 c5 2. Nf3 Nc6 3. c3 Nf6 4. e5 Nd5 5. d4 cxd4 6. cxd4 d6 7. Bc4 Nb6 8. Bb5 dxe5 9. Nxe5 Bd7 10. Nxd7 Qxd7 11. 0-0 e6 12. Nc3 Be7 13. Qg4 0-0 14. Rd1 a6 15. Bh6 Bf6 16. Ne4 Qe7 17. Bxc6 bxc6 18. Rd3 Kh8 19. Rf3 Bxd4 20. Ng5 Bf6 21. Nxh7 Kxh7 22. Rh3 gxh6 23. Qe4+ Kg8 24. Rxh6 Rfd8 25. Qh7+ Kf8 26. Rh3 Nd5 27. Rg3 Ke8 28. Re1 Kd7 29. Qc2 Qd6 30. Rf3 Rh8 31. g3 Rab8 32. Qa4 Rxb2 33. Qxa6 Rhb8 34. h4 Rb1 35. Rxb1 Rxb1+ 36. Kg2 Qb4 37. Qa7+ Qb7 38. Qc5 Qa6 39. Ra3 Qf1+ 40. Kf3 Qh1+ 41. Kg4 Qe4+ 42. f4 Qe2+ 43. Rf3 Rf1 44. Qa3 Rxf3 0-1

[Event "EU-ch 11th"]
[Site "Rijeka"]
[Date "2010.03.08"]
[Round "3"]
[White "Beletic, Daniel"]
[Black "Stefan, Mario"]
[Result "1-0"]
[WhiteElo "2232"]
[BlackElo "1968"]
[PlyCount "65"]
[EventDate "2010.03.06"]
[EventType "swiss"]
[EventRounds "11"]
[EventCountry "CRO"]
[SourceTitle "CBM 136"]
[Source "ChessBase"]
[SourceDate "2010.05.18"]
[SourceVersion "1"]
[SourceVersionDate "2010.05.18"]
[SourceQuality "1"]

1. d4 Nf6 2. c4 g6 3. g3 Bg7 4. Bg2 d5 5. cxd5 Nxd5 6. Nf3 0-0 7. 0-0 Bf5 8. Qb3 Nb6 9. Nc3 Be6 10. Qc2 Nc6 11. Rd1 Nb4 12. Qb1 c6 13. h3 Qc8 14. Kh2 Rd8 15. e4 h6 16. Bf4 g5 17. Be3 Nc4 18. Bc1 Nd6 19. a3 Bb3 20. axb4 Bxd1 21. Nxd1 Nb5 22. Ne3 e6 23. d5 cxd5 24. exd5 exd5 25. Nf5 Qe6 26. Nxg7 Kxg7 27. Qd3 Qb6 28. b3 Rac8 29. Bb2+ d4 30. Rd1 Nc3 31. Rd2 Qxb4 32. Nxd4 Kf8 33. Qh7 1-0

[Event "EU-ch 11th"]
[Site "Rijeka"]
[Date "2010.03.07"]
[Round "2"]
[White "Stefan, Mario"]
[Black "Pavlidis, Antonios"]
[Result "0-1"]
[WhiteElo "1968"]
[BlackElo "2376"]
[PlyCount "54"]
[EventDate "2010.03.06"]
[EventType "swiss"]
[EventRounds "11"]
[EventCountry "CRO"]
[SourceTitle "CBM 136"]
[Source "ChessBase"]
[SourceDate "2010.05.18"]
[SourceVersion "1"]
[SourceVersionDate "2010.05.18"]
[SourceQuality "1"]

1. e4 e5 2. Nf3 Nc6 3. Bc4 Nf6 4. Ng5 d5 5. exd5 b5 6. Bf1 Nd4 7. c3 Nxd5 8. Nxf7 Kxf7 9. cxd4 e4 10. Bxb5 Nf4 11. g3 Ne6 12. Bc6 Ng5 13. 0-0 Ba6 14. Bxa8 Qxa8 15. Qh5+ Kf6 16. d3 Nf3+ 17. Kg2 g6 18. Qa5 Bxd3 19. Be3 h5 20. h4 Qc8 21. Rc1 Nxh4+ 22. Kh2 Nf3+ 23. Kg2 Nh4+ 24. Kh2 Nf3+ 25. Kg2 Bd6 26. Nd2 h4 27. Rh1 h3+ 0-1

[Event "Mediterranean op 2nd"]
[Site "Rijeka"]
[Date "2008.11.29"]
[Round "1"]
[White "Cvitan, Ognjen"]
[Black "Stefan, Mario"]
[Result "1-0"]
[WhiteElo "2541"]
[BlackElo "2018"]
[PlyCount "35"]
[EventDate "2008.11.29"]
[EventType "swiss"]
[EventRounds "9"]
[EventCountry "CRO"]
[SourceTitle "CBM 127 Extra"]
[Source "ChessBase"]
[SourceDate "2009.01.08"]
[SourceVersion "2"]
[SourceVersionDate "2009.01.28"]
[SourceQuality "1"]

1. d4 Nf6 2. Nf3 g6 3. c4 d5 4. cxd5 Nxd5 5. e4 Nb6 6. h3 Bg7 7. Nc3 0-0 8. Be3 Nc6 9. Rc1 a6 10. Be2 Qd6 11. 0-0 Rd8 12. d5 Ne5 13. Nd2 Ned7 14. Qc2 c5 15. dxc6 Qxc6 16. Qb3 Nc5 17. Bxc5 Qxc5 18. Nd5 1-0

[Event "Rijeka op"]
[Site "Rijeka"]
[Date "2007.12.02"]
[Round "9"]
[White "Stefan, Mario"]
[Black "Susak, Zeljko"]
[Result "0-1"]
[WhiteElo "2057"]
[BlackElo "2242"]
[PlyCount "60"]
[EventDate "2007.11.25"]
[EventType "swiss"]
[EventRounds "9"]
[EventCountry "CRO"]
[SourceTitle "CBM 121 Extra"]
[Source "ChessBase"]
[SourceDate "2008.01.10"]
[SourceVersion "1"]
[SourceVersionDate "2008.01.10"]
[SourceQuality "1"]

1. d4 Nf6 2. Nf3 e6 3. g3 b5 4. Bg2 Bb7 5. 0-0 Be7 6. b3 c5 7. dxc5 Bxc5 8. Bb2 0-0 9. Na3 a6 10. c4 bxc4 11. Nxc4 d5 12. Nce5 Nbd7 13. Rc1 Rc8 14. Qd3 Qb6 15. Nxd7 Nxd7 16. Ng5 f5 17. e3 a5 18. Rfd1 Nf6 19. Nf3 Ba6 20. Qb1 Ne4 21. Nd4 g5 22. Qa1 f4 23. Bxe4 dxe4 24. Nxe6 Qxe6 25. Bh8 Qe7 26. Rd5 fxe3 27. f4 exf3 28. h4 f2+ 29. Kh1 f1Q+ 30. Rxf1 Rxf1+ 0-1